| 000 | 00742nam a2200217 i 4500 | ||
|---|---|---|---|
| 001 | bg | ||
| 245 | 0 | 0 |
_aWspółczesne problemy melioracji / _cred. nauk. Czesłae Somorowski ; Katedra Melioracji Wodnych Szkoły Głównej Gospodarstwa Wiejskiego. |
| 260 |
_aWarszawa : _bWydaw. SGGW, _c1993. |
||
| 300 |
_a256 s. : _brys., wykr. ; _c24 cm. |
||
| 504 | _aBibliogr. przy rozdz. | ||
| 650 | 9 |
_aMelioracje rolne _xzagadnienia |
|
| 700 | 1 |
_aSOMOROWSKI, Czesław. _eRed. |
|
| 710 | 0 |
_aSzkoła Główna Gospodarstwa Wiejskiego (Warszawa) _bKatedra Melioracji Wodnych |
|
| 020 | _a8300027890 | ||
| 040 | _cBPK | ||
| 041 | 0 | _apl | |
| 080 | _a626.8:631.6 | ||
| 920 | _a83-00-02789-0 | ||
| 942 | _cKS | ||
| 008 | s pl f |000 0 pol | ||
| 999 |
_c34456 _d34456 |
||
| 856 |
_uhttp://koha.tu.koszalin.pl/cgi-bin/koha/opac-detail.pl?biblionumber=34456 _yKatalog online BPK |
||